| 000 | 00720nam a2200241Ia 4500 | ||
|---|---|---|---|
| 005 | 20260430150448.0 | ||
| 008 | 008 250103s9999 xx 000 0 eng d | ||
| 037 | _aTheses | ||
| 040 | _aCRL | ||
| 040 | _beng | ||
| 040 | _ceng | ||
| 041 | _2eng | ||
| 041 | _aeng | ||
| 084 | _qCRL | ||
| 100 |
_aMeghali Bharti Au.; Negi Ram Krishan Gu. _91237572 |
||
| 245 | 0 | _aDeciphering the Structure and Function of Gut Microbiome of Cyprinus Carpio (Linnaeus, 1758) and Oreochromis Niloticus (Linnaeus, 1757) from river Yamuna | |
| 260 | _c2022 | ||
| 300 | _a153p. | ||
| 650 | _aZoology | ||
| 700 |
_aUniversity of Delhi. Faculty of Science. Deptt.of Zoology _91237573 |
||
| 942 | _cTH | ||
| 999 |
_c1849835 _d1849835 |
||